|
|
|
|
| LEADER |
00000nas a22000005i 4500 |
| 001 |
ssj0001763564 |
| 003 |
WaSeSS |
| 005 |
20200512172242.0 |
| 006 |
m d |
| 007 |
cr n |
| 008 |
160229c20169999enkuu p s 0 0eng |
| 019 |
|
|
|a 951672044
|
| 022 |
|
|
|a 2059-5824
|l 2059-5816
|y 2059-5816
|
| 035 |
|
|
|a (WaSeSS)ssj0001763564
|
| 040 |
|
|
|a DNLM
|c DNLM
|d WaSeSS
|
| 245 |
0 |
0 |
|a Digital library perspectives
|h [electronic resource].
|
| 246 |
1 |
|
|a DLP
|
| 260 |
|
|
|a Bingley, United Kingdom :
|b Emerald Group Publishing Limited
|
| 362 |
1 |
|
|a Began with Volume 32, Number 1 (2016).
|
| 506 |
|
|
|a License restrictions may limit access.
|
| 538 |
|
|
|a Mode of Access: World Wide Web.
|
| 588 |
|
|
|a Description based on: Volume 32, Number 1 (2016); title from cover.
|
| 655 |
|
0 |
|a Electronic journals.
|
| 780 |
0 |
0 |
|t OCLC systems & services
|x 1065-075X
|w (DLC) 93659480
|w (OCoLC)26498687
|
| 856 |
4 |
0 |
|z Full text available from Research Library: 01/01/1995 to 1 year ago
|u https://search.proquest.com/publication/31570
|
| 950 |
|
0 |
|a Digital libraries
|v Periodicals.
|
| 950 |
|
0 |
|a Institutional repositories
|v Periodicals.
|
| 950 |
|
0 |
|a Data curation
|v Periodicals.
|
| 950 |
|
0 |
|a Digital preservation
|v Periodicals.
|
| 950 |
|
7 |
|a Data curation.
|2 fast
|0 (OCoLC)fst01923032
|
| 950 |
|
7 |
|a Digital libraries.
|2 fast
|0 (OCoLC)fst00893704
|
| 950 |
|
7 |
|a Digital preservation.
|2 fast
|0 (OCoLC)fst00893721
|
| 950 |
|
7 |
|a Institutional repositories.
|2 fast
|0 (OCoLC)fst01740486
|
| 950 |
|
7 |
|a Periodicals.
|2 fast
|0 (OCoLC)fst01411641
|